Najlepsze państwa podczas 1 Wojny Światowej - Statystyki

Ogólne statystyki
  • Ten quiz został rozwiązany 146 razy
    104 od ostatniego zresetowania
  • Średni wynik to 6 z 15
Statystyki odpowiedzi
Miejsce Państwo % Poprawnych
1 Niemcy
100%
2 Francja
85%
3 Rosja
76%
4 Wielka Brytania
62%
5 Austro-Węgry
53%
6 USA
52%
7 Imperium Osmańskie
43%
8 Bułgaria
27%
9 Serbia
25%
10 Grecja
20%
11 Włochy
19%
15 Belgia
14%
13 Japonia
13%
12 Rumunia
13%
14 Portugalia
12%
Nie znaleziono quizów pasujących do podanych kryteriów
Rozkład punktacji
Procent ludzi z każdym wynikiem
Percentyl według liczby udzielonych odpowiedzi
Twoja historia wyników
Nie rozwiązałeś tego quizu od ostatniego zresetowania